Ой, болить у мене зуб (Запис № 17360)

000 -Маркер запису
Контрольне поле сталої довжини 02066nam a22002537a 4500
003 - Належність контрольного номера
Контрольне поле Uzh_bibl
008 - Кодовані дані
Контрольне поле сталої довжини 260416b |||||||| |||| 00| 0 ukr d
020 ## - Індекс ISBN
ISBN 978-966-671--404-9
Ціна 96.00
040 ## - Джерело каталогіз.
Код мови каталог. укр.
041 ## - Код мови видання
Код мови оригіналу українська
Код мови тексту українська
080 ## - Індекс УДК
Індекс УДК 821.161.2
090 ## - Шифри
Поличний індекс 821.161.2
Авторський знак Л15
100 ## - Автор
Автор Ладижець, Володимир
245 ## - Назва
Назва Ой, болить у мене зуб
Відповідальність Упоряд.Б.Кушнір, худож.оформл.О.Ладижець
Фізичний носій Текст
260 ## - Вихідні дані
Місце видання Ужгород
Видавництво "Карпати"
Дата видання 2015
300 ## - Фізичний опис
Обсяг 128 с.
Ілл./тип відтвор. іл.
Тип одиниці В опр.
520 ## - Анотація
Анотація На глибоке переконання нинішніх літературознавчів, вірші лауреата премії імені Лесі Українки, Володимира Ладижця, який жив і творив у закарпатському Ужгороді, були і залишаються невмирущими сторінками енциклопедії вашого дитинства, сповненими тепла і радості, любові до рідної землі, до батьків, до всього що робить нашу малечу громадянами. Вишукані рядки письменника, який з назвичайним теплом і неповторним гумором писав передусім для малечі, і сьогодні залишаються актуальними, високо мистецькими і такими з дитинства впізнаваними уже для кількох поколінь українських читачів: "Ой болить у мене зуб..."
521 ## - Примітка про цільове призначення
Примітка про цільове призначення Для молодшого шкільного віку
546 ## - Примітка про мову
Примітка про мову укр.
650 ## - Тематичні рубрики
Основна рубрика Краєзнавча література
Основна підрубрика Літературно-художнє видання
653 ## - Ключові слова
Ключові слова Хитрий зуб
-- Пиріжечки
-- Сопілка
655 ## - Термін індексування — жанр/форма
Жанр/форма Художня література
Типове ділення Вірші
942 ## - ADDED ENTRY ELEMENTS (KOHA)
Джерело класифікації чи схема поличного розташування
Koha item type Книги
Фонди
Статус вилучення Статус втрати/відсутності Джерело класифікації чи схема поличного розташування Статус пошкодження Тип обігу (не для випозичання) Постійне розташування Поточне розташування Розташування у відділі Дата надходження Інвентарний номер Total Checkouts Повний (примірниковий) шифр зберігання Штрих-код Date last seen Дата, для якої чинна ціна заміни Тип одиниці (рівень примірника)
          Бібліотека-філія №2 Бібліотека-філія №2 Абонемент молодший відділ 16/04/2026 66423   821.161.2 19684 16/04/2026 16/04/2026 Книги

Працює на АБІС Коха